Normal view
MARC view
- TEACH YOURSELF JAVA 2 JAVA 2 IN 24 HOURS
Entry Topical Term
001 - CONTROL NUMBER
- control field: 56797
003 - CONTROL NUMBER IDENTIFIER
- control field: NUST
005 - DATE AND TIME OF LATEST TRANSACTION
- control field: 20210628201757.0
008 - FIXED-LENGTH DATA ELEMENTS
- fixed length control field: 210628|| aca||aabn | a|a d
040 ## - CATALOGING SOURCE
- Original cataloging agency: NUST
- Transcribing agency: NUST
150 ## - HEADING--TOPICAL TERM
- Topical term or geographic name entry element: TEACH YOURSELF JAVA 2 JAVA 2 IN 24 HOURS
670 ## - SOURCE DATA FOUND
- Source citation: Work cat.: (NUST): Cadenhead, Rogers 56796, Sams teach yourself java 2 in 24 hours, 2001
